| Поле | Инд. | ПП | Название | Значение |
|---|---|---|---|---|
| Тип записи | a | |||
| Библиографический уровень | b | |||
| 001 | Контрольный номер | RU/IS/BASE/280507271 | ||
| 005 | Дата корректировки | 20220421120616.9 | ||
| 008 | Кодируемые данные | 20081120 | ||
| 084 | a | Индекс другой классификации/Индекс ББК | 74.484ж(4); 74.48(4) | |
| 100 | 1_ | a | Автор | Флауд Р. |
| q | Полное имя | Флауд Родерик | ||
| 245 | 10 | a | Заглавие | Отчет о дискуссиях в экспертных группах |
| b | Продолж. заглавия | [По материалам 5-ой лондонской конференции Министров образования европейских стран (17-18 мая 2007)] | ||
| c | Ответственность | перевод с английского А. Пинской | ||
| 246 | 01 | a | Другая форма заглавия | Report of Panel Discussions |
| 500 | a | Примечание | Печатается по изданию: Floud R. Report of Panel Discussions // BolognaProcess Ninisterial Meeting, London, May 2007 | |
| 650 | 04 | a | Основная рубрика | высшее образование |
| a | Основная рубрика | образование | ||
| a | Основная рубрика | профессиональное образование | ||
| 653 | 0_ | a | Ключевые слова | бизнес-модель вуза |
| a | Ключевые слова | Болонский процесс | ||
| a | Ключевые слова | высшее учебное заведение (вуз) | ||
| a | Ключевые слова | Европа | ||
| a | Ключевые слова | женщины-педагоги | ||
| a | Ключевые слова | интеграция образования | ||
| a | Ключевые слова | качество образования | ||
| a | Ключевые слова | конкурентоспособность образования | ||
| a | Ключевые слова | научно-педагогические кадры | ||
| a | Ключевые слова | образовательная политика | ||
| a | Ключевые слова | организация образования | ||
| a | Ключевые слова | реформа образования | ||
| a | Ключевые слова | финансирование образования | ||
| 700 | 12 | a | Автор | Пинская А. |
| e | Роль лиц | переводчик | ||
| 773 | 18 | t | Заглавие источника | Вопросы образования |
| d | Дата издания источника | 2007 | ||
| g | Прочая информация | № 2. - С. 14 - 19 | ||
| w | Контрольный № источника | RU/IS/BASE/278594300 | ||
| 901 | t | Тип документа | b |